Temas de empresa manual para la preparación del certificado superior del español de los negocios, Cámara de comercio de Madrid

Salvato in:
Dettagli Bibliografici
Autore principale: Pareja, María José
Natura: Libro
Lingua:spagnolo
Pubblicazione: Madrid Edinumen 2007
Soggetti:
Tags: Aggiungi Tag
Nessun Tag, puoi essere il primo ad aggiungerne!!

MARC

LEADER 00000nam a2200000 4500
001 0242815
005 20240226134334.8
020 |a 84-95986-76-0 
020 |a 978-84-95986-76-4 
041 0 |a spa 
044 |a ES 
245 1 0 |a Temas de empresa  |b manual para la preparación del certificado superior del español de los negocios, Cámara de comercio de Madrid  |c María José Pareja 
264 1 |a Madrid  |b Edinumen  |c 2007 
300 |a 87 s. 
610 2 0 |a jazykoveda 
610 2 0 |a terminológia 
610 2 0 |a jazyky cudzie 
610 2 0 |a španielčina 
610 2 0 |a obchod 
610 2 0 |a certifikáty 
610 2 0 |a príručky 
100 1 |a Pareja, María José